Países por Pistas #4 - Estadísticas

Estadísticas generales
  • Esta prueba ha sido intentada 3.771 veces
  • La puntuación promedio es 11 de 20
Estadísticas de respuestas
Pistas País % Correcto
Patagonia, Lionel Messi, Yerba Mate Argentina
95%
Pólderes, Molinos de viento, Tulipanes Países Bajos
92%
Balcanes, Tirana, Adriático Albania
83%
Marrakech, Atlas, Estrecho de Gibraltar Marruecos
81%
Galápagos, Chimborazo, Guayaquil Ecuador
78%
Pączki, Solidaridad, Río Vístula Polonia
67%
Grand Prix, Casino, Riviera Mónaco
65%
Reina Rania, Petra, Mansaf Jordania
63%
Población densa, Tigre de Bengala, Pakistán Oriental Bangladés
62%
América Central, Barrera de Coral, Angloparlante Belice
57%
Primavera Árabe, Cartago, Piratas berberiscos Túnez
57%
Siam, Chiang Mai, Kickboxing Tailandia
54%
Báltico, Skype, Voto por Internet Estonia
51%
al-Assad, Aleppo, Levante Siria
46%
Darfur, Nubia, Pirámides Sudán
44%
Cedros, Levante, Hezbolá Líbano
40%
Formosa, Kuomintang, HTC Taiwán
31%
Volcán Arenal, No Militar, Planeta Feliz #1 Costa Rica
30%
2° Puerto más activo, Caning, Economía tigre Singapur
27%
Monte Wilhelm, Lenguas, Ave de Paraíso Papua Nueva Guinea
24%
No se encontraron pruebas coincidentes
Distribución de puntuación
Porcentaje de gente con cada puntuación
Porcentaje por número respondido
Historial de tus puntuaciones
No has intentado esta prueba.